Obce - okres Stropkov - Statistics

General Stats
  • This quiz has been taken 14 times
  • The average score is 22 of 43
Answers on the Map
Answers color-coded by a green-red scale on the quiz's map according to % correct below.
 
Answer Stats
Answer % Correct
Bukovce
86%
Havaj
86%
Malá Poľana
86%
Miková
86%
Stropkov
86%
Breznica
71%
Gribov
71%
Kožuchovce
71%
Makovce
71%
Miňovce
71%
Staškovce
71%
Turany nad Ondavou
71%
Breznička
57%
Brusnica
57%
Chotča
57%
Korunková
57%
Nižná Olšava
57%
Oľšavka
57%
Šandal
57%
Soľník
57%
Vyškovce
57%
Vyšná Olšava
57%
Baňa
43%
Bystrá
43%
Duplín
43%
Jakušovce
43%
Kolbovce
43%
Mrázovce
43%
Potôčky
43%
Tisinec
43%
Veľkrop
43%
Vladiča
43%
Bžany
29%
Krišľovce
29%
Kručov
29%
Krušinec
29%
Lomné
29%
Potoky
29%
Varechovce
29%
Vislava
29%
Vojtovce
29%
Tokajík
14%
Vyšný Hrabovec
14%
No matching quizzes found
Score Distribution
Percent of People with Each Score
Percentile by Number Answered
Your Score History
You have not taken this quiz